[Event "IV Open"]
[Site "Mortara ITA"]
[Date "2014.09.19"]
[Round "1"]
[White "Carbone, Lorenzo"]
[Black "Vuelban, Virgilio"]
[WhiteElo "1668"]
[BlackElo "2303"]
[Result "0-1"]
[PlyCount "74"]
[EventDate "2014.09.19"]

1. e4 c5 2. Nf3 d6 3. d4 cxd4 4. Nxd4 Nf6 5. Nc3 Nc6 6. Nb3 e6 7. Be2 a6 8. O-O
b5 9. a3 Bb7 10. f4 Be7 11. Bf3 Qc7 12. Qe1 O-O 13. Be3 Nd7 14. Rd1 Nb6 15. Nd2
b4 16. axb4 Nxb4 17. Rc1 Bf6 18. Qf2 Nd7 19. Ndb1 Bc6 20. Rfd1 Rfb8 21. g4 Nb6
22. Bxb6 Rxb6 23. Rxd6 Qxd6 24. e5 Qc7 25. Bxc6 Nxc6 26. exf6 Rxb2 27. g5 Rb4
28. Ne2 Qb6 29. Qxb6 Rxb6 30. Nbc3 a5 31. Na4 Rb4 32. Nec3 gxf6 33. gxf6 Rxf4
34. Nb6 Rd8 35. Ne2 Rb4 36. Kh1 Rxb6 37. Rg1+ Kh8 0-1

[Event "IV Open"]
[Site "Mortara ITA"]
[Date "2014.09.19"]
[Round "1"]
[White "Ciochetta, Giovanni"]
[Black "Barbero, Marco"]
[WhiteElo "1568"]
[BlackElo "1973"]
[Result "0-1"]
[PlyCount "88"]
[EventDate "2014.09.19"]

1. e4 d6 2. d4 Nf6 3. Nc3 e5 4. dxe5 dxe5 5. Qxd8+ Kxd8 6. Bg5 c6 7. O-O-O+ Ke8
8. Bxf6 gxf6 9. Nge2 Bc5 10. f3 Be6 11. Kb1 b5 12. Ng3 Nd7 13. Nf5 Nb6 14. Ng7+
Ke7 15. Nxe6 fxe6 16. b3 a5 17. Ne2 Rhd8 18. Rd3 a4 19. Nc1 Ba3 20. Be2 axb3
21. cxb3 Rd4 22. Rxd4 exd4 23. Nd3 c5 24. Nb2 Bxb2 25. Kxb2 c4 26. Ra1 Rc8 27.
Bf1 c3+ 28. Kc2 b4 29. a4 bxa3 30. Rxa3 Ra8 31. Rxa8 Nxa8 32. Bd3 e5 33. g4 Nc7
34. h4 Ne6 35. b4 Kd6 36. Bf1 Nf4 37. h5 Ne6 38. Bd3 Ng5 39. Be2 h6 40. Bd1 Kc6
41. Kb3 Ne6 42. Kc4 Nf4 43. Bc2 Ng2 44. Bd3 Ne1 0-1

[Event "IV Open"]
[Site "Mortara ITA"]
[Date "2014.09.19"]
[Round "1"]
[White "Coppola, Federico"]
[Black "Poletti, Guido"]
[WhiteElo "1970"]
[BlackElo "1533"]
[Result "1-0"]
[PlyCount "66"]
[EventDate "2014.09.19"]

1. Nf3 Nf6 2. c4 c5 3. g3 g6 4. Bg2 Bg7 5. Nc3 O-O 6. O-O d6 7. d4 cxd4 8. Nxd4
Nbd7 9. b3 Re8 10. Bb2 a6 11. Rc1 Rb8 12. Qd2 Nc5 13. Rfd1 e5 14. Nc2 Bf5 15.
b4 Nce4 16. Nxe4 Bxe4 17. Qxd6 Bxg2 18. Qxd8 Rbxd8 19. Kxg2 Ne4 20. Ne3 Ng5 21.
Rxd8 Rxd8 22. c5 Ne4 23. Nc4 f6 24. h4 Bf8 25. Rc2 Kf7 26. Kf3 Nxc5 27. bxc5
Bxc5 28. Nxe5+ fxe5 29. Rxc5 Rd7 30. Ke3 Kf6 31. Rxe5 Re7 32. Rxe7+ Kxe7 33.
Kd4 a5 1-0

[Event "IV Open"]
[Site "Mortara ITA"]
[Date "2014.09.19"]
[Round "1"]
[White "Vezzosi, Paolo"]
[Black "Rizzi, Pietro"]
[WhiteElo "2288"]
[BlackElo "1575"]
[Result "1-0"]
[PlyCount "53"]
[EventDate "2014.09.19"]

1. d4 f5 2. g3 Nf6 3. Bg2 g6 4. c4 Bg7 5. Nf3 O-O 6. b4 d6 7. Bb2 Ne4 8. Qb3 c6
9. e3 Nd7 10. O-O Ndf6 11. Ne1 d5 12. c5 Qc7 13. f3 Ng5 14. Nd2 Kh8 15. a4 Bd7
16. Nd3 Nf7 17. Bc3 g5 18. b5 Nh5 19. Rfe1 e5 20. dxe5 Nxe5 21. Nxe5 Bxe5 22.
f4 Bxc3 23. Qxc3+ Kg8 24. fxg5 Rae8 25. bxc6 Bxc6 26. Qd4 Ng7 27. Bxd5+ 1-0

[Event "IV Open"]
[Site "Mortara ITA"]
[Date "2014.09.??"]
[Round "2"]
[White "Barbero, Marco"]
[Black "Coppola, Federico"]
[WhiteElo "1973"]
[BlackElo "1970"]
[Result "0-1"]
[PlyCount "102"]
[EventDate "2014.09.19"]

1. e4 e6 2. d4 d5 3. Nd2 Nc6 4. Ngf3 Nf6 5. e5 Nd7 6. Nb3 a5 7. a4 b6 8. Bb5
Ncb8 9. Be3 Be7 10. h4 Ba6 11. h5 f6 12. Rh3 c6 13. Bxa6 Nxa6 14. Rg3 Kf7 15.
exf6 gxf6 16. h6 Rg8 17. Qd3 f5 18. Bf4 Rxg3 19. fxg3 Qg8 20. O-O-O c5 21. Qb5
Qc8 22. Qe2 c4 23. Re1 Qc6 24. Na1 Rg8 25. c3 Rg6 26. Nc2 Nc7 27. Qe5 Ne8 28.
Qh8 Nef6 29. Ng5+ Rxg5 30. Bxg5 Bf8 31. g4 Qc8 32. gxf5 exf5 33. Re5 Kg6 34.
Bd2 Qc6 35. g4 fxg4 36. Rg5+ Kf7 37. Rf5 Kg6 38. Re5 Qxa4 39. Bg5 Qc6 40. Bxf6
Bxh6+ 41. Kb1 Nxf6 42. Ne1 Qd6 43. Ng2 Qf8 44. Qxf8 Bxf8 45. Nf4+ Kf7 46. Nxd5
Nxd5 47. Rxd5 Kg6 48. Re5 h5 49. Kc2 g3 50. Re8 g2 51. Rxf8 Kg7 0-1

[Event "IV Open"]
[Site "Mortara ITA"]
[Date "2014.09.??"]
[Round "2"]
[White "Barrera, Pietro"]
[Black "Robbio, Pietro"]
[WhiteElo "1913"]
[BlackElo "1775"]
[Result "1/2-1/2"]
[PlyCount "51"]
[EventDate "2014.09.19"]

1. d4 Nf6 2. Nf3 e6 3. Bg5 Be7 4. e3 d5 5. Bd3 h6 6. Bh4 O-O 7. Nbd2 b6 8. Ne5
Bb7 9. Bg3 Nbd7 10. Qe2 Nxe5 11. Bxe5 Bd6 12. Bxf6 Qxf6 13. Qh5 e5 14. dxe5
Qxe5 15. Qxe5 Bxe5 16. c3 Rad8 17. Nf3 Bf6 18. O-O-O c5 19. Rhe1 d4 20. exd4
Bxf3 21. gxf3 cxd4 22. cxd4 Rxd4 23. Re4 Rfd8 24. Rxd4 Rxd4 25. Kc2 g6 26. b3
1/2-1/2

[Event "IV Open"]
[Site "Mortara ITA"]
[Date "2014.09.??"]
[Round "2"]
[White "Raselli, Claudio"]
[Black "Vezzosi, Paolo"]
[WhiteElo "1845"]
[BlackElo "2288"]
[Result "0-1"]
[PlyCount "112"]
[EventDate "2014.09.19"]

1. c4 Nf6 2. Nf3 g6 3. b3 Bg7 4. Bb2 O-O 5. g3 d6 6. d4 c6 7. Bg2 Bf5 8. O-O a5
9. Nbd2 Na6 10. a3 Qd7 11. Re1 Rfd8 12. e4 Bg4 13. Qc2 Nc7 14. Bc3 h6 15. b4 a4
16. e5 Bf5 17. Qb2 Nfe8 18. Ne4 Bxe4 19. Rxe4 d5 20. cxd5 cxd5 21. Ree1 Rac8
22. Rac1 Nb5 23. e6 fxe6 24. Bh3 Rc6 25. Qe2 Nec7 26. Bb2 Rxc1 27. Rxc1 Kh7 28.
Qc2 Rf8 29. Nh4 Rf6 30. Qxa4 Qe8 31. Qc2 Na6 32. Qe2 Qd7 33. a4 Nd6 34. b5 Nc7
35. Re1 Nc4 36. Bc1 Qd6 37. Nf3 Qb4 38. Ne5 Qxa4 39. Nd7 Rf5 40. Bxf5 gxf5 41.
b6 Qxd7 42. bxc7 e5 43. dxe5 e6 44. f4 Qxc7 45. g4 Qf7 46. gxf5 Qxf5 47. Rd1 h5
48. Qd3 Kg6 49. Kf2 Qxd3 50. Rxd3 Kf5 51. Kf3 Bh6 52. Rd1 b5 53. Rg1 b4 54. h4
b3 55. Be3 b2 56. Ke2 Na3 0-1

[Event "IV Open"]
[Site "Mortara ITA"]
[Date "2014.09.??"]
[Round "2"]
[White "Vuelban, Virgilio"]
[Black "Poletto, Daniele"]
[WhiteElo "2303"]
[BlackElo "1750"]
[Result "1-0"]
[PlyCount "85"]
[EventDate "2014.09.19"]

1. e4 c5 2. Nf3 e6 3. c3 Nf6 4. e5 Nd5 5. d4 cxd4 6. cxd4 d6 7. a3 dxe5 8. dxe5
Nc6 9. Bd3 g6 10. O-O Bg7 11. Re1 O-O 12. Bd2 Qc7 13. Qe2 Bd7 14. Nc3 Nxc3 15.
Bxc3 Rac8 16. h4 Ne7 17. h5 Bc6 18. Bb4 Bxf3 19. Qxf3 Rfe8 20. Bd6 Qc6 21. Be4
Nd5 22. Rad1 b6 23. hxg6 hxg6 24. Qb3 Qc4 25. Qf3 Qc6 26. Rd4 Qb5 27. Bxd5 exd5
28. Rf4 Qd7 29. Qxd5 Rc2 30. Qb3 Rd2 31. Rfe4 Qf5 32. R4e2 Rxe2 33. Rxe2 Qb1+
34. Kh2 Qf5 35. Qb5 Qf4+ 36. g3 Qh6+ 37. Kg2 Rc8 38. Re1 Rc1 39. Qe8+ Kh7 40.
Rxc1 Qxc1 41. Qxf7 Qxb2 42. e6 Qd4 43. e7 1-0

[Event "IV Open"]
[Site "Mortara ITA"]
[Date "2014.09.??"]
[Round "3"]
[White "Coppola, Federico"]
[Black "Vuelban, Virgilio"]
[WhiteElo "1970"]
[BlackElo "2303"]
[Result "0-1"]
[PlyCount "52"]
[EventDate "2014.09.19"]

1. Nf3 Nf6 2. c4 g6 3. g3 Bg7 4. Bg2 O-O 5. O-O d6 6. d4 c6 7. Nc3 Qa5 8. e4 e5
9. d5 cxd5 10. cxd5 Bd7 11. Bd2 Rc8 12. Qe2 Qa6 13. Qd1 Qb6 14. Qb1 Na6 15. Rc1
Nc5 16. b4 Na4 17. Nxa4 Bxa4 18. Bh3 Rxc1+ 19. Bxc1 Qc7 20. Ne1 Qc3 21. Be3
Nxe4 22. Qc1 f5 23. f3 Qxc1 24. Rxc1 Nf6 25. Bf1 Kf8 26. Bc4 b5 0-1

[Event "IV Open"]
[Site "Mortara ITA"]
[Date "2014.09.??"]
[Round "3"]
[White "Poletto, Daniele"]
[Black "Barrera, Pietro"]
[WhiteElo "1750"]
[BlackElo "1913"]
[Result "1/2-1/2"]
[PlyCount "54"]
[EventDate "2014.09.19"]

1. c4 e6 2. Nf3 f5 3. g3 Nf6 4. Bg2 Be7 5. O-O O-O 6. Nc3 c6 7. d3 d5 8. cxd5
exd5 9. e3 Na6 10. a3 Nc7 11. d4 Qe8 12. Ne5 Bd6 13. f4 Be6 14. Bd2 Bf7 15. Rc1
Bh5 16. Bf3 Bxf3 17. Qxf3 Ne4 18. Nxe4 dxe4 19. Qe2 Nd5 20. Nc4 Be7 21. Ne5 Qc8
22. g4 Qe6 23. g5 g6 24. h4 Kg7 25. h5 Rac8 26. Qh2 Rh8 27. h6+ Kf8 1/2-1/2

[Event "IV Open"]
[Site "Mortara ITA"]
[Date "2014.09.??"]
[Round "3"]
[White "Robbio, Pietro"]
[Black "Melino, Gianluca"]
[WhiteElo "1775"]
[BlackElo "1813"]
[Result "1/2-1/2"]
[PlyCount "44"]
[EventDate "2014.09.19"]

1. e4 g6 2. d4 Bg7 3. Nf3 d6 4. Nc3 a6 5. Be2 b5 6. O-O Nd7 7. Bg5 Bb7 8. Re1
c5 9. a3 cxd4 10. Nxd4 Ngf6 11. Bf1 O-O 12. Qd2 Rc8 13. Bh6 Ne5 14. Bxg7 Kxg7
15. f3 Qb6 16. Qf2 Qc7 17. Nd1 Nc6 18. c3 Rfd8 19. Nxc6 Bxc6 20. Qd4 e5 21. Qf2
d5 22. exd5 Nxd5 1/2-1/2

[Event "IV Open"]
[Site "Mortara ITA"]
[Date "2014.09.??"]
[Round "3"]
[White "Vezzosi, Paolo"]
[Black "De Paoli, Nicola"]
[WhiteElo "2288"]
[BlackElo "1374"]
[Result "1-0"]
[PlyCount "87"]
[EventDate "2014.09.19"]

1. d4 d5 2. Nf3 c6 3. c4 Nf6 4. Nbd2 Bf5 5. g3 Nbd7 6. Bg2 e6 7. Nh4 Bb4 8.
cxd5 cxd5 9. Nxf5 exf5 10. O-O Nb6 11. Nf3 Nc4 12. Qa4+ Qd7 13. Qxb4 Qe7 14.
Qxe7+ Kxe7 15. b3 Nd6 16. Ba3 Rac8 17. Rfc1 Nfe4 18. Ne5 Ke6 19. Nd3 b6 20.
Nf4+ Kd7 21. Nxd5 Nb5 22. Bb2 Kd6 23. Ne3 g6 24. Nc4+ Kd5 25. a4 Nxd4 26. Rd1
Rhd8 27. Rxd4+ Ke6 28. Bxe4 Rxd4 29. Bxf5+ gxf5 30. Bxd4 Kd5 31. Rd1 Ke6 32.
Be3 Ke7 33. Rd5 Ke6 34. Rd6+ Ke7 35. Bg5+ Kf8 36. Bf6 Kg8 37. f4 h6 38. Kf2 Kh7
39. Ne5 Kg8 40. Rd7 Kf8 41. Rxf7+ Ke8 42. Re7+ Kf8 43. Ng6+ Kg8 44. Rg7# 1-0

[Event "IV Open"]
[Site "Mortara ITA"]
[Date "2014.09.??"]
[Round "4"]
[White "Barbero, Marco"]
[Black "Poletti, Guido"]
[WhiteElo "1973"]
[BlackElo "1533"]
[Result "1-0"]
[PlyCount "39"]
[EventDate "2014.09.19"]

1. e4 Nf6 2. e5 Nd5 3. d4 d6 4. c4 Nb6 5. exd6 cxd6 6. Nc3 Bf5 7. Nge2 e6 8.
Ng3 Be7 9. Nxf5 exf5 10. Bd3 Qc8 11. O-O Nxc4 12. Qa4+ Qc6 13. Qxc4 Qxc4 14.
Bxc4 O-O 15. Nd5 Bd8 16. Bf4 Re8 17. Rae1 Rxe1 18. Rxe1 Nd7 19. Re8+ Nf8 20.
Bxd6 1-0

[Event "IV Open"]
[Site "Mortara ITA"]
[Date "2014.09.??"]
[Round "4"]
[White "Barrera, Pietro"]
[Black "De Paoli, Nicola"]
[WhiteElo "1913"]
[BlackElo "1374"]
[Result "1-0"]
[PlyCount "71"]
[EventDate "2014.09.19"]

1. e4 c6 2. d4 d5 3. exd5 cxd5 4. Bd3 Nc6 5. c3 Nf6 6. Ne2 Bg4 7. O-O e6 8. Re1
Bd6 9. Qc2 O-O 10. Ng3 Bxg3 11. hxg3 Re8 12. Bf4 Ne7 13. Bg5 Nf5 14. f3 Bh5 15.
g4 Ne3 16. Rxe3 Bg6 17. Nd2 Bxd3 18. Qxd3 h6 19. Bf4 g5 20. Bg3 h5 21. Qe2 Kg7
22. Re5 hxg4 23. fxg4 Nd7 24. Re3 Rh8 25. Be5+ Nxe5 26. Rxe5 Qf6 27. Nf3 Qh6
28. Rxg5+ Kf8 29. Rh5 Qg7 30. Rf1 Rxh5 31. gxh5 Qg4 32. Qe5 Qg7 33. Ng5 Qxe5
34. dxe5 Ke7 35. Rxf7+ Ke8 36. h6 1-0

[Event "IV Open"]
[Site "Mortara ITA"]
[Date "2014.09.??"]
[Round "4"]
[White "Melino, Gianluca"]
[Black "Coppola, Federico"]
[WhiteElo "1813"]
[BlackElo "1970"]
[Result "0-1"]
[PlyCount "58"]
[EventDate "2014.09.19"]

1. Nf3 c5 2. g3 g6 3. Bg2 Bg7 4. O-O Nc6 5. d3 d6 6. Nbd2 e6 7. e4 Nge7 8. Re1
O-O 9. a4 e5 10. Nc4 f5 11. c3 h6 12. h3 Be6 13. Ncd2 Qd7 14. Kh2 f4 15. g4 g5
16. Qe2 Bf6 17. b3 Kf7 18. Rh1 Rh8 19. Kg1 h5 20. gxh5 g4 21. hxg4 Bxg4 22. Nf1
Rag8 23. Rh2 Kf8 24. Bb2 Bxh5 25. Nxe5 Nxe5 26. Rxh5 f3 27. Rxh8 fxe2 28. Rxg8+
Kxg8 29. Ng3 Nxd3 0-1

[Event "IV Open"]
[Site "Mortara ITA"]
[Date "2014.09.??"]
[Round "4"]
[White "Vuelban, Virgilio"]
[Black "Vezzosi, Paolo"]
[WhiteElo "2303"]
[BlackElo "2288"]
[Result "1-0"]
[PlyCount "49"]
[EventDate "2014.09.19"]

1. e4 c6 2. d4 d5 3. e5 Bf5 4. Be3 e6 5. Nd2 Nd7 6. Ngf3 Ne7 7. Nb3 Bg6 8. Be2
Nf5 9. Bd2 Be7 10. O-O O-O 11. g4 Nh4 12. Nxh4 Bxh4 13. f4 f6 14. Bb4 Re8 15.
c3 a5 16. Bd6 a4 17. Nc5 fxe5 18. fxe5 Bg5 19. Bd3 Be3+ 20. Kg2 Nxc5 21. Bxg6
hxg6 22. dxc5 Qg5 23. Qf3 b6 24. h4 Qh6 25. g5 1-0

[Event "IV Open"]
[Site "Mortara ITA"]
[Date "2014.09.??"]
[Round "5"]
[White "Barbero, Marco"]
[Black "Vuelban, Virgilio"]
[WhiteElo "1973"]
[BlackElo "2303"]
[Result "0-1"]
[PlyCount "104"]
[EventDate "2014.09.19"]

1. e4 c5 2. Nf3 d6 3. d4 cxd4 4. Nxd4 Nf6 5. Nc3 Nc6 6. Be2 e5 7. Nf3 h6 8. O-O
Be7 9. h3 O-O 10. Be3 Be6 11. Qd2 Nb8 12. Rad1 Nbd7 13. Nh2 a6 14. Kh1 Rc8 15.
Ng4 Re8 16. Nxf6+ Nxf6 17. Bd3 Qc7 18. Qe2 Bf8 19. f4 exf4 20. Bxf4 Nd7 21. Qf2
Ne5 22. Qg3 Kh8 23. Rf2 Qb6 24. Bc1 Qa5 25. a3 b5 26. Nd5 Qd8 27. Rdf1 Be7 28.
Nxe7 Qxe7 29. Bf4 f6 30. Bc1 Rf8 31. Qh4 Kg8 32. Qg3 Kh7 33. Bf4 Bc4 34. Bxe5
dxe5 35. Bxc4 Rxc4 36. Qf3 Qb7 37. Re1 Rd4 38. c3 Rd6 39. Rff1 Rfd8 40. h4 Rd2
41. Rf2 Qd7 42. h5 Rxf2 43. Qxf2 Qg4 44. Qe2 Qg5 45. Rd1 Rxd1+ 46. Qxd1 Qh4+
47. Kg1 Qxe4 48. Qd6 Qe1+ 49. Kh2 Qh4+ 50. Kg1 Qxh5 51. Qxa6 e4 52. c4 Qc5+ 0-1

[Event "IV Open"]
[Site "Mortara ITA"]
[Date "2014.09.??"]
[Round "5"]
[White "Coppola, Federico"]
[Black "Cordani, Enrico"]
[WhiteElo "1970"]
[BlackElo "1846"]
[Result "1/2-1/2"]
[PlyCount "79"]
[EventDate "2014.09.19"]

1. Nf3 Nf6 2. c4 g6 3. g3 d5 4. cxd5 Nxd5 5. Bg2 Bg7 6. Nc3 c6 7. d4 Nxc3 8.
bxc3 Qa5 9. Bd2 Nd7 10. O-O e5 11. e4 O-O 12. Qb3 Qb6 13. Qc2 exd4 14. cxd4 Nf6
15. Rab1 Qd8 16. Bc3 Rb8 17. Nd2 Re8 18. e5 Nd5 19. Rfe1 Bh6 20. Nc4 Bf8 21.
Bd2 Be6 22. h4 h5 23. Bg5 Qd7 24. Bd2 Nb6 25. Nxb6 axb6 26. Rxb6 Qxd4 27. Be3
Qxe5 28. Rd1 Qa5 29. Be4 Kh7 30. a4 Bh6 31. Rdb1 Bxe3 32. fxe3 Qe5 33. Rxb7
Qxg3+ 34. Bg2 Rxb7 35. Rxb7 Bd5 36. Qf2 Qxf2+ 37. Kxf2 Bxg2 38. Kxg2 Rxe3 39.
Rxf7+ Kg8 40. Rf6 1/2-1/2

[Event "IV Open"]
[Site "Mortara ITA"]
[Date "2014.09.??"]
[Round "5"]
[White "Melino, Gianluca"]
[Black "Raselli, Claudio"]
[WhiteElo "1813"]
[BlackElo "1845"]
[Result "1/2-1/2"]
[PlyCount "47"]
[EventDate "2014.09.19"]

1. Nf3 c5 2. g3 Nc6 3. Bg2 g6 4. O-O Bg7 5. d3 Nf6 6. Nbd2 O-O 7. e4 d6 8. Re1
Rb8 9. c3 b5 10. Rb1 b4 11. c4 h6 12. b3 Ng4 13. Bb2 Nge5 14. Nxe5 Nxe5 15. Qc2
Bd7 16. f4 Nc6 17. Bxg7 Kxg7 18. Nf3 Bg4 19. Qb2+ Kh7 20. Nh4 Nd4 21. h3 Bd7
22. Kh2 Bc6 23. Nf3 Nxf3+ 24. Bxf3 1/2-1/2

[Event "IV Open"]
[Site "Mortara ITA"]
[Date "2014.09.??"]
[Round "5"]
[White "Vezzosi, Paolo"]
[Black "Barrera, Pietro"]
[WhiteElo "2288"]
[BlackElo "1913"]
[Result "1-0"]
[PlyCount "87"]
[EventDate "2014.09.19"]

1. d4 g6 2. e4 Bg7 3. c4 d6 4. Nc3 Nd7 5. f4 e6 6. Nf3 Ne7 7. Be3 b6 8. Bd3 Bb7
9. Qe2 a6 10. Bc2 O-O 11. O-O c6 12. a4 c5 13. d5 exd5 14. cxd5 Qc7 15. Bd3
Rfe8 16. Rac1 Qb8 17. Rfd1 Nf6 18. Kh1 Ng4 19. Bc4 Nxe3 20. Qxe3 Nf5 21. Qd3
Nd4 22. Nxd4 Bxd4 23. Ne2 Bg7 24. Ng3 Qd8 25. Rc2 Qh4 26. Rf1 Bd4 27. b4 Bc8
28. Re2 Ra7 29. Ree1 Bg7 30. bxc5 bxc5 31. Rb1 Qe7 32. Rb6 Qc7 33. Rfb1 Bd7 34.
a5 Rea8 35. e5 dxe5 36. d6 Qc8 37. fxe5 Bxe5 38. Qd5 Be6 39. Qxe5 Bxc4 40. Ne4
Bb5 41. Nf6+ Kf8 42. Nxh7+ Kg8 43. Nf6+ Kf8 44. Ne8 1-0

[Event "C.to Provinciale PC"]
[Site "Piacenza ITA"]
[Date "2014.04.11"]
[Round "1"]
[White "Falsetti, Paolo"]
[Black "Biselli, Fabrizio"]
[WhiteElo "1875"]
[BlackElo "1465"]
[Result "1/2-1/2"]
[PlyCount "152"]
[EventDate "2014.04.11"]

1. Nf3 d5 2. g3 Nf6 3. Bg2 c5 4. O-O Nc6 5. d3 e5 6. Nbd2 Be7 7. c3 O-O 8. e4
d4 9. Qe2 Be6 10. h3 Qd7 11. Kh2 b5 12. Ne1 Rac8 13. f4 exf4 14. gxf4 Na5 15.
f5 Qc7+ 16. Kh1 Bd7 17. e5 Ne8 18. cxd4 cxd4 19. Ne4 Qxe5 20. Nf3 Qxf5 21. Nxd4
Qe5 22. Nf3 Qc7 23. Neg5 Bc6 24. Bd2 Bxg5 25. Bxg5 f6 26. Qe6+ Kh8 27. Bd2 Nb7
28. Rac1 Ned6 29. Bf4 Rfe8 30. Qb3 Qb6 31. Qb4 Re6 32. d4 Rce8 33. Rxc6 Qxc6
34. Ng5 Qd7 35. Nxe6 Qxe6 36. Rc1 a5 37. Qa3 Ne4 38. Qf3 Nbd6 39. d5 Qf5 40.
Rc6 Nf7 41. Re6 Ned6 42. Bxd6 Qb1+ 43. Kh2 Nxd6 44. Rxd6 Qxb2 45. Re6 Rxe6 46.
dxe6 Qe5+ 47. Qg3 Qxe6 48. Qb8+ Qg8 49. Qxb5 Qd8 50. Bd5 g6 51. Qc6 Kg7 52. Kg3
Qb8+ 53. Kf3 Qb4 54. Qd7+ Kh6 55. Bg8 Qc3+ 56. Ke2 Qc2+ 57. Qd2+ Qxd2+ 58. Kxd2
f5 59. Ke3 g5 60. Bf7 Kg7 61. Be8 Kf6 62. Kd4 g4 63. hxg4 fxg4 64. Ke3 Kg5 65.
Kf2 h5 66. Bc6 h4 67. Kg2 Kf4 68. Bd5 Ke3 69. a4 Ke2 70. Be6 g3 71. Bd5 Ke3 72.
Kh3 Kf2 73. Bg2 Kg1 74. Bc6 Kf2 75. Kxh4 g2 76. Bxg2 Kxg2 1/2-1/2

[Event "C.to Provinciale PC"]
[Site "Piacenza ITA"]
[Date "2014.04.11"]
[Round "1"]
[White "Marchesotti, Giovanni"]
[Black "Losi, Paolo"]
[WhiteElo "1541"]
[BlackElo "1743"]
[Result "0-1"]
[PlyCount "108"]
[EventDate "2014.04.11"]

1. c4 Nf6 2. Nc3 c5 3. Nf3 Nc6 4. g3 g6 5. Bg2 Bg7 6. O-O O-O 7. d4 cxd4 8.
Nxd4 a6 9. e3 Qc7 10. Qe2 d6 11. Nxc6 bxc6 12. Bd2 Rb8 13. Rab1 c5 14. b3 Bb7
15. e4 Nd7 16. Nd5 Bxd5 17. exd5 Rbe8 18. f4 f5 19. Qd3 Qa7 20. Rfe1 Rf7 21.
Bc3 Nf6 22. Re6 Qd7 23. Rbe1 Kf8 24. h3 Nh5 25. Kh2 Bf6 26. Bxf6 Nxf6 27. Bf3
Qc7 28. Qc3 Kg8 29. h4 Qb7 30. R1e3 Qb4 31. Qb2 a5 32. Qe2 Qb7 33. Rxd6 exd6
34. Rxe8+ Nxe8 35. Qxe8+ Kg7 36. Qe6 Qe7 37. Kh3 Qxe6 38. dxe6 Ra7 39. g4 fxg4+
40. Kxg4 Kf6 41. Bd5 a4 42. bxa4 h5+ 43. Kf3 Rxa4 44. e7 Kxe7 45. f5 gxf5 46.
Kf4 Kf6 47. a3 Rxa3 48. Bg8 Ra8 49. Bd5 Re8 50. Bf3 Kg6 51. Bc6 Re1 52. Be8+
Kf6 53. Bc6 Rf1+ 54. Bf3 Rxf3+ 0-1

[Event "C.to Provinciale PC"]
[Site "Piacenza ITA"]
[Date "2014.04.11"]
[Round "1"]
[White "Speciale, Francesco"]
[Black "Trifoni, Giorgio"]
[WhiteElo "1872"]
[BlackElo "1674"]
[Result "1-0"]
[PlyCount "63"]
[EventDate "2014.04.11"]

1. d4 Nf6 2. Nf3 e6 3. e3 d5 4. Bd3 c5 5. b3 Nbd7 6. Bb2 a6 7. a4 cxd4 8. exd4
Qc7 9. Nbd2 Qa5 10. O-O Be7 11. Qe2 O-O 12. Ne5 Qc7 13. f4 b6 14. Ndf3 Bb7 15.
Ng5 h6 16. Nh3 Ne4 17. f5 exf5 18. Rxf5 Ndf6 19. Raf1 Bc8 20. Bxe4 dxe4 21.
R5f4 Be6 22. c4 Bxh3 23. gxh3 Rad8 24. Qg2 Kh7 25. Kh1 Qd6 26. d5 Qc5 27. Nc6
Rd7 28. Rg1 Rg8 29. Bxf6 g5 30. Qxe4+ Rg6 31. Bxe7 Rxe7 32. Nxe7 1-0

[Event "C.to Provinciale PC"]
[Site "Piacenza ITA"]
[Date "2014.04.12"]
[Round "2"]
[White "Biselli, Fabrizio"]
[Black "Speciale, Francesco"]
[WhiteElo "1465"]
[BlackElo "1872"]
[Result "0-1"]
[PlyCount "42"]
[EventDate "2014.04.11"]

1. Nf3 Nf6 2. c4 g6 3. d4 Bg7 4. Nc3 d6 5. e4 c5 6. dxc5 Qa5 7. cxd6 Nxe4 8.
dxe7 Nxc3 9. bxc3 Qxc3+ 10. Nd2 Qxa1 11. Nb3 Qe5+ 12. Be2 Qxe7 13. O-O O-O 14.
Re1 Qc7 15. g3 Nc6 16. Bf3 Bf5 17. Bf4 Qd7 18. Qc1 Nd4 19. Bd5 Rfe8 20. Nc5
Rxe1+ 21. Qxe1 Qxd5 0-1

[Event "C.to Provinciale PC"]
[Site "Piacenza ITA"]
[Date "2014.04.12"]
[Round "2"]
[White "Losi, Paolo"]
[Black "Trifoni, Giorgio"]
[WhiteElo "1743"]
[BlackElo "1674"]
[Result "0-1"]
[PlyCount "56"]
[EventDate "2014.04.11"]

1. d4 Nf6 2. Nf3 e6 3. c4 c5 4. d5 b5 5. dxe6 fxe6 6. e3 bxc4 7. Bxc4 d5 8. Bd3
Bd6 9. b3 Nc6 10. Nc3 a6 11. Bb2 e5 12. e4 d4 13. Na4 Qa5+ 14. Nd2 Be6 15. O-O
O-O 16. Bc4 Bxc4 17. Nxc4 Qc7 18. Nxd6 Qxd6 19. Rc1 Nxe4 20. f3 Ng5 21. Rxc5
Ne6 22. Ba3 Rfb8 23. Rxe5 Qxe5 24. Re1 Qd5 25. Re4 Nb4 26. Rh4 a5 27. Nc3 Qg5
28. Rg4 Qe3+ 0-1

[Event "C.to Provinciale PC"]
[Site "Piacenza ITA"]
[Date "2014.04.12"]
[Round "2"]
[White "Marchesotti, Giovanni"]
[Black "Falsetti, Paolo"]
[WhiteElo "1541"]
[BlackElo "1875"]
[Result "0-1"]
[PlyCount "84"]
[EventDate "2014.04.11"]

1. g3 Nf6 2. Bg2 g6 3. c4 Bg7 4. Nc3 O-O 5. Nf3 d6 6. O-O e5 7. d3 c6 8. Bd2
Nbd7 9. e4 Ne8 10. Qc2 Nc7 11. Ne2 Ne6 12. Be3 f5 13. Qd2 Qe7 14. Ng5 f4 15.
gxf4 exf4 16. Nxf4 Nxg5 17. Nxg6 hxg6 18. Bxg5 Qe6 19. f4 Bd4+ 20. Kh1 Kg7 21.
Bh6+ Kg8 22. Bxf8 Nxf8 23. f5 Qf6 24. Rf3 g5 25. Rg3 Nh7 26. h4 Qh6 27. Bh3
Qxh4 28. Kg2 Kf7 29. Rg4 Qh6 30. Rh1 Qg7 31. Kf3 Bxb2 32. Bg2 Bf6 33. d4 Bd7
34. Qd3 Kg8 35. Qb3 Be8 36. e5 dxe5 37. dxe5 Bxe5 38. c5+ Bf7 39. Qb1 Nf6 40.
Rh8+ Kxh8 41. Qh1+ Bh5 42. Kf2 Nxg4+ 0-1

[Event "C.to Provinciale PC"]
[Site "Piacenza ITA"]
[Date "2014.04.12"]
[Round "3"]
[White "Falsetti, Paolo"]
[Black "Losi, Paolo"]
[WhiteElo "1875"]
[BlackElo "1743"]
[Result "1-0"]
[PlyCount "75"]
[EventDate "2014.04.11"]

1. Nf3 c5 2. g3 Nc6 3. Bg2 e6 4. d3 d5 5. O-O Nf6 6. Nbd2 Qc7 7. e4 Bd6 8. c3
O-O 9. Qe2 Re8 10. Re1 e5 11. exd5 Nxd5 12. Ng5 Nf6 13. Nge4 Nxe4 14. Nxe4 Bf5
15. Be3 b6 16. Bg5 Rac8 17. Qh5 Bg6 18. Qh4 Be7 19. Re3 Qd8 20. Bxe7 Qxe7 21.
Qxe7 Rxe7 22. Nd6 Rcc7 23. Rae1 f6 24. Nb5 Rc8 25. d4 a6 26. Nd6 Rcc7 27. d5
Nd8 28. Bh3 Kf8 29. Nc8 Rf7 30. Nxb6 c4 31. f4 Rb7 32. Nxc4 Rfc7 33. b3 exf4
34. gxf4 Re7 35. d6 Rxe3 36. Rxe3 Bb1 37. d7 Bg6 38. Nd6 1-0

[Event "C.to Provinciale PC"]
[Site "Piacenza ITA"]
[Date "2014.04.12"]
[Round "3"]
[White "Speciale, Francesco"]
[Black "Marchesotti, Giovanni"]
[WhiteElo "1872"]
[BlackElo "1541"]
[Result "1-0"]
[PlyCount "43"]
[EventDate "2014.04.11"]

1. d4 Nf6 2. Nf3 b6 3. e3 Bb7 4. Bd3 e6 5. b3 Be7 6. Bb2 d6 7. Nbd2 Nbd7 8. Qe2
c5 9. dxc5 bxc5 10. O-O-O Qc7 11. e4 e5 12. Bc4 Nb6 13. Bb5+ Nfd7 14. Nc4 Nxc4
15. Qxc4 O-O 16. Bxd7 Qxd7 17. Nxe5 Qe8 18. Nf3 Bxe4 19. Qxe4 f6 20. Rhe1 Rf7
21. Qd5 a5 22. Rxe7 1-0

[Event "C.to Provinciale PC"]
[Site "Piacenza ITA"]
[Date "2014.04.12"]
[Round "3"]
[White "Trifoni, Giorgio"]
[Black "Biselli, Fabrizio"]
[WhiteElo "1674"]
[BlackElo "1465"]
[Result "1-0"]
[PlyCount "87"]
[EventDate "2014.04.11"]

1. Nf3 Nf6 2. c4 g6 3. Nc3 Bg7 4. g3 d6 5. d4 O-O 6. Bg2 c5 7. d5 Bf5 8. O-O
Qc8 9. Bd2 Bh3 10. Qc1 Bxg2 11. Kxg2 Re8 12. Bh6 Bh8 13. e4 Nbd7 14. Rb1 Ng4
15. Bf4 Nde5 16. Nxe5 Nxe5 17. Bxe5 Bxe5 18. f4 Bg7 19. Qe1 Qd7 20. Qe3 Bd4 21.
Qf3 e5 22. dxe6 fxe6 23. b3 Qc6 24. Rbd1 Bxc3 25. Qxc3 Qxe4+ 26. Qf3 Qxf3+ 27.
Rxf3 e5 28. Rxd6 e4 29. Re3 Re7 30. Rd5 b6 31. Re5 Rae8 32. R3xe4 Rxe5 33. Rxe5
Rxe5 34. fxe5 Kf7 35. Kf3 Ke6 36. Ke4 h6 37. a3 a5 38. a4 h5 39. h4 Ke7 40. Kd5
Kd7 41. e6+ Ke7 42. Ke5 Ke8 43. Kf6 Kf8 44. Kxg6 1-0